Pays avec le moins de Chrétiens - Statistiques

Statistiques générales
  • Ce quiz a été pris 562 fois
  • Le résultat moyen est 3 sur 10
Statistiques - réponses
% Pays % Correct
0,1 Maroc
61%
0,013 Yémen
58%
0,1 Afghanistan
53%
0,1 Mauritanie
39%
0,11 Turquie
35%
0,1 Somalie
32%
0,08 Maldives
24%
0,3 Bangladesh
20%
0,9 Népal
14%
0,7 Thaïlande
9%
Aucun quiz correspondant
Distribution des résultats
% des personnes avec chaque résultat
Percentile par nombre de réponses
Votre historique - résultats
Vous n’avez pas pris ce quiz